000 00503nam a2200169 4500
003 CO-ViMGA
020 _a9789587711233
040 _aCO-ViMGA
_bspa
_cCO-ViMGA
082 0 4 _a291
_bG17e
100 1 _aGarcía Giraldo, Camilo
_99290
245 1 0 _aEnsayos breves sobre la religión /
_cCamilo García Giraldo.
260 _aBogotá :
_bEcoe Ediciones,
_c2014.
300 _a146 p.
490 _a(Ciencias humanas. Filosofía)
650 1 4 _aReligión
_xEnsayos, Conferencias, etc
_99291
942 _2ddc
_cBK
999 _c37920
_d37920